| 000 | 00742nam a22001817a 4500 | ||
|---|---|---|---|
| 999 |
_c61945 _d61945 |
||
| 003 | Ge_BSU | ||
| 005 | 20240613123048.0 | ||
| 008 | 240613s1964 ge ||||| |||| 00| 0 geo d | ||
| 041 | _ageo | ||
| 080 | _a 613.67(075.8) კ-36 | ||
| 100 |
_aკაციტაძე, ვასილ _922419 |
||
| 245 |
_aსამხედრო ჰიგიენა : _b[სახელმძღვ. სამედ. ინ-ტის სტუდ.]. / _cვასილ კაციტაძე. |
||
| 264 |
_aთბ. : _bცოდნა, _c1964. |
||
| 300 |
_a124გვ. : _bილ. და ცხრილ. ; _c22სმ. |
||
| 653 | _a სამხედრო ჰიგიენა | ||
| 653 | _aმედიცინა | ||
| 942 |
_2udc _cᲬᲘᲒᲜᲘ |
||